Voľný čas s notami v rukáchc [autor] -mš-

Bibliographic Details
Format: Article
Language:Slovak
Subjects:

MARC

LEADER 00000nab a2200000 a 4500
001 vtls009338194
003 SK-MaSNL
005 20260426064502.0
008 080925 19760615xo 000 0 slo
015 |a SNBRB1976 
040 |a SNKBUCL  |b slo  |c SNKBUCL  |e AACR2 
041 0 |a slo 
044 |a xo  |c SK 
080 |a 78.087.68(437.6)  |2 2001 
245 0 0 |a Voľný čas s notami v rukáchc [autor] -mš- 
610 2 7 |a Bratislavský komorný zbor  |2 snkbucl  |9 251032 
610 2 7 |a Mestský dom kultúry a osvety (Bratislava, Slovensko)  |2 snkbucl 
650 0 7 |a spevácke zbory  |2 snkbucl  |9 3197 
651 7 |a Bratislava (Slovensko)  |2 snkbucl  |9 14568 
773 0 |t Večerník  |g (15.6.1976), s. 5 
999 |c 2590913  |d 2592843